Retrato de Chile: Leyendas y creencias mágicas de la tradición oral.
Enregistré dans:
| Auteur principal: | |
|---|---|
| Format: | Livre |
| Langue: | anglais |
| Publié: |
Valparaíso, Chile:
Ediciones Universitarias de Valparaíso,
2020.
|
| Sujets: | |
| Tags: |
Ajouter un tag
Pas de tags, Soyez le premier à ajouter un tag!
|
MARC
| LEADER | 00000nam a22000007a 4500 | ||
|---|---|---|---|
| 003 | CL-VaPUC | ||
| 005 | 20231026090921.0 | ||
| 008 | 201218b ||||| |||| 00| 0 eng d | ||
| 999 | |c 432376 |d 432374 | ||
| 020 | |a Tomo I: 978-956-17-0876-1 | ||
| 020 | |a Tomo II: 978-956-17-0877-8 | ||
| 020 | |a Tomo III: 978-956-17-0878-5 | ||
| 020 | |a Colección completa: 978-956-17-0875-4 | ||
| 040 | |c Pontificia Universidad Católica de Valparaíso | ||
| 082 | 0 | 4 | |a 808.83 LAN 2020 |
| 100 | |a Landauro Marín, Antonio |e autor |9 858968 | ||
| 245 | 1 | 0 | |a Retrato de Chile: Leyendas y creencias mágicas de la tradición oral. |
| 260 | |a Valparaíso, Chile: |b Ediciones Universitarias de Valparaíso, |c 2020. | ||
| 300 | |a 3 tomos | ||
| 583 | |c 20201218 |k Valeria Valenzuela | ||
| 650 | 0 | |a Leyendas chilenas |9 310059 | |
| 650 | 0 | |a Tradición oral |z Chile |9 321175 | |
| 650 | 0 | |a Costumbres y tradiciones |z Chile |9 268292 | |
| 651 | |a Chile |9 858973 |z Zona norte |z Zona centro |z Zona sur | ||
| 852 | |a BIBCUR | ||
| 942 | |2 ddc |c BK | ||
| 952 | |0 0 |1 0 |2 ddc |4 0 |6 808_830000000000000_LAN_2020 |7 0 |8 A |9 577285 |a BIBEDU |b BIBEDU |d 2020-12-28 |h t.I |i 5619688 |o 808.83 LAN 2020 |p 5619688 |r 2020-12-28 |t 1 |w 2020-12-28 |y BK |k LIT | ||
| 952 | |0 0 |1 0 |2 ddc |4 0 |6 808_830000000000000_LAN_2020 |7 0 |8 A |9 577286 |a BIBEDU |b BIBEDU |d 2020-12-28 |h t.III |i 5619726 |o 808.83 LAN 2020 |p 5619726 |r 2020-12-28 |t 1 |w 2020-12-28 |y BK |k LIT | ||
| 952 | |0 0 |1 0 |2 ddc |4 0 |6 808_830000000000000_LAN_2020 |7 0 |8 A |9 577287 |a BIBEDU |b BIBEDU |d 2020-12-28 |h t.II |i 5619718 |o 808.83 LAN 2020 |p 5619718 |r 2020-12-28 |t 2 |w 2020-12-28 |y BK |k LIT | ||
| 952 | |0 0 |1 0 |2 ddc |4 0 |6 808_830000000000000_LAN_2020 |7 0 |8 A |9 577288 |a BIBEDU |b BIBEDU |d 2020-12-28 |h t.II |i 561970K |o 808.83 LAN 2020 |p 561970K |r 2020-12-28 |t 1 |w 2020-12-28 |y BK |k LIT | ||
| 952 | |0 0 |1 0 |2 ddc |4 0 |6 808_830000000000000_LAN_2020 |7 0 |8 A |9 577289 |a BIBEDU |b BIBEDU |d 2020-12-28 |h t.I |i 5619696 |o 808.83 LAN 2020 |p 5619696 |r 2020-12-28 |t 2 |w 2020-12-28 |y BK |k LIT | ||
| 952 | |0 0 |1 0 |2 ddc |4 0 |6 808_830000000000000_LAN_2020 |7 0 |8 A |9 577290 |a BIBEDU |b BIBEDU |d 2020-12-28 |h t.III |i 5619734 |o 808.83 LAN 2020 |p 5619734 |r 2020-12-28 |t 2 |w 2020-12-28 |y BK |k LIT | ||
| 952 | |0 0 |1 0 |2 ddc |4 0 |6 808_830000000000000_LAN_2020 |7 0 |8 X |9 587613 |a FDOMLP |b FDOMLP |c REST |d 2022-11-08 |e Donación |h t.I |i 5655491 |o 808.83 LAN 2020 |p 5655491 |r 2022-11-08 |w 2022-11-08 |y BK_X |k BU2 | ||
| 952 | |0 0 |1 0 |2 ddc |4 0 |6 808_830000000000000_LAN_2020 |7 0 |8 X |9 587614 |a FDOMLP |b FDOMLP |c REST |d 2022-11-08 |e Donación |h t.II |i 5655492 |o 808.83 LAN 2020 |p 5655492 |r 2022-11-08 |w 2022-11-08 |y BK_X |k BU2 | ||
| 952 | |0 0 |1 0 |2 ddc |4 0 |6 808_830000000000000_LAN_2020 |7 0 |8 X |9 587615 |a FDOMLP |b FDOMLP |c REST |d 2022-11-08 |e Donación |h t.III |i 5655493 |o 808.83 LAN 2020 |p 5655493 |r 2022-11-08 |w 2022-11-08 |y BK_X |k BU2 | ||
| 952 | |0 0 |1 0 |2 ddc |4 0 |6 808_830000000000000_LAN_2020 |7 0 |8 A |9 596807 |a BIBGIM |b BIBGIM |d 2024-09-16 |h t.I |i 5662747 |o 808.83 LAN 2020 |p 5662747 |r 2025-01-15 |t 3 |w 2024-09-16 |y BK |k ELE | ||
| 952 | |0 0 |1 0 |2 ddc |4 0 |6 808_830000000000000_LAN_2020 |7 0 |8 A |9 596808 |a BIBGIM |b BIBGIM |d 2024-09-16 |h t.II |i 5662748 |o 808.83 LAN 2020 |p 5662748 |r 2025-01-15 |t 3 |w 2024-09-16 |y BK |k ELE | ||
| 952 | |0 0 |1 0 |2 ddc |4 0 |6 808_830000000000000_LAN_2020 |7 0 |8 A |9 596809 |a BIBGIM |b BIBGIM |d 2024-09-16 |h t.III |i 5662749 |o 808.83 LAN 2020 |p 5662749 |r 2025-01-15 |t 3 |w 2024-09-16 |y BK |k ELE | ||